| 000 | 00479 a2200157 4500 | ||
|---|---|---|---|
| 020 | _a8173195501 | ||
| 040 |
_aDLC _bDLC |
||
| 082 | _a005.10685 | ||
| 100 | _aGodbole, Nina S. | ||
| 245 |
_aSoftware quality assurance: principles and practice _cNina S. Godbole |
||
| 260 |
_aNew Delhi : _bNarosa Publishing House, _c2004. |
||
| 300 |
_axvi, 419 p. : _bill. ; _c24 cm. |
||
| 500 | _aIncludes Index. | ||
| 650 | _aComputer software--Quality control. | ||
| 942 |
_cBK _k005.10685 GOD _2ddc |
||
| 999 |
_c5819 _d5819 |
||